البحث العلمي بين المشرق العربي والعالم الغربي : (رقم التسجيلة. 34590)

تفاصيل مارك
000 -الفاتح
حقل البيانات ثابتة الطول 00827nam a22002057a 4500
003 - محدد رقم الضبط
رقم الضبط OSt
005 - وقت وتاريخ اخر تعامل مع التسجيلة
رقم الضبط 20150408114214.0
008 - عناصر البيانات ثابتة الطول - معلومات عامة
حقل البيانات ثابتة الطول 140428s2014 ua ||||f b 000 0 ara d
020 ## - الرقم الدولى المعيارى للكتب
الرقم الدولى المعيارى للكتاب 9789777220460
040 ## - مصدر الفهرسة
وكالة الفهرسة الأصلية Ma-Un
082 04 - رقم تصنيف ديوى العشرى
رقم الطبعة 21
رقم التصنيف 001.4091751
رقم المادة إ م ب
100 1# - المدخل الرئيسى - إسم شخصى
الإسم الشخصى إسماعيل، محمد صادق
245 12 - بيان العنوان
العنوان البحث العلمي بين المشرق العربي والعالم الغربي :
بقية العنوان كيف نهضوا ..؟ ولماذا تراجعنا ..؟ /
بيان المسئوليه,etc محمد صادق إسماعيل.
250 ## - بيان الطبعة
بيان الطبعة ط. 1.
260 ## - PUBLICATION, DISTRIBUTION, ETC. (IMPRINT)
مكان الناشر او الموزع القاهرة :
اسم الناشر او الموزع المجموعة العربية للتدريب والنشر،
تاريخ النشر أو التوزيع 2014
-- [1434]
300 ## - الوصف المادى
التعداد 190 ص. ؛
أبعاد الوعاء 24 سم.
504 ## - تبصرة ببليوجرافية
تبصرة ببليوجرافية,الخ يشتمل على إرجاعات ببليوجرافية.
650 ## - المدخل الاضافى بالموضوع-مصطلح موضوعى
مصطلح موضوعي أو اسم جغرافي كعنصر مدخل البحث
التقسيم الفرعي الجغرافي البلاد العربية
9 (RLIN) 9153
942 ## - عناصر المدخل الإضافي( كوها)
مصدر التصنيف او مخطط الترفيف Dewey Decimal Classification
Koha [default] item type كتاب
المقتنيات
حالة الفقد نموذج السعر الفعال حالة تلف ليس للاعارة رقم الطلب رقم النسخة تاريخ الاكتساب مصدر التزويد الموقع الحالي الباركود الفرع الرئيسي Date last seen نوع المادة فى نظام كوها مصدر التصنيف او خطة الترفيف Total Checkouts
  2014-04-28   Not For Loan 001.4091751 إ م ب 1 2014-04-28 دار العرب المكتبة المركزية بالمجمعة (CL) 00208536 المكتبة المركزية بالمجمعة (CL) 2014-04-28 كتاب Dewey Decimal Classification  
  2014-04-28     001.4091751 إ م ب 2 2014-04-28 دار العرب المكتبة المركزية بالمجمعة (CL) 00208537 المكتبة المركزية بالمجمعة (CL) 2014-04-28 كتاب Dewey Decimal Classification  
  2014-04-28     001.4091751 إ م ب 3 2014-04-28 دار العرب المكتبة المركزية بالمجمعة (CL) 00208538 المكتبة المركزية بالمجمعة (CL) 2014-04-28 كتاب Dewey Decimal Classification